000 00306nam a22001457a 4500
003 SGT
082 _a618.92
_bI16P
100 _aPARTHASARATHY, A.
245 _aIAP TB. OF PEDIATRICS
250 _a6TH
260 _aINDIA
_bJAYPEE
_c2016
300 _a1369
650 _aPEDIATRICS
942 _2ddc
_cBK
_04
999 _c10582
_d10582